书目信息 |
| 题名: |
何应钦全传
|
|
| 作者: | 熊宗仁 著 | |
| 分册: | 下 | |
| 出版信息: | 北京 团结出版社 2016 |
|
| 页数: | 262-571页 | |
| 开本: | 24cm | |
| 丛书名: | ||
| 单 册: | ||
| 中图分类: | K825.2=74 | |
| 科图分类: | ||
| 主题词: | ||
| 电子资源: | ||
| ISBN: | 978-7-5126-3702-3 | |
| 000 | 00863nam0 22002411 450 | |
| 001 | 1761097339 | |
| 005 | 20170621092208.29 | |
| 010 | @a978-7-5126-3702-3@dCNY36.00 (全2册72.00) | |
| 100 | @a20160219d2016 em y0chiy50 ea | |
| 101 | 0 | @achi |
| 102 | @aCN@b110000 | |
| 105 | @aa z 000yb | |
| 106 | @ar | |
| 200 | 1 | @a何应钦全传@9he ying qin quan chuan@dA biography of He Ying qin@h下@f熊宗仁著@zeng |
| 210 | @a北京@c团结出版社@d2016 | |
| 215 | @a262-571页@c图,照片@d24cm | |
| 330 | @a本书共分为十二章,主要内容包括:“何老三”负气离爱“乡巴佬”出谷迁乔、军界中的宠儿政坛上的骁将、黄埔练兵东征建功等。 | |
| 510 | 1 | @aBiography of He Ying qin@zeng |
| 600 | 0 | @a何应钦@9he ying qin@f(1890-1987)@x传记 |
| 690 | @aK825.2=74@v5 | |
| 701 | 0 | @a熊宗仁@9xiong zong ren@f(1944-)@4著 |
| 801 | 0 | @aCN@b百万庄@c20170619 |
| 905 | @b1014519-24@dK825.2=74@e979:2@f6 | |
| 何应钦全传=A biography of He Ying qin.下/熊宗仁著.-北京:团结出版社,2016 |
| 262-571页:图,照片;24cm |
| ISBN 978-7-5126-3702-3:CNY36.00 (全2册72.00) |
| 本书共分为十二章,主要内容包括:“何老三”负气离爱“乡巴佬”出谷迁乔、军界中的宠儿政坛上的骁将、黄埔练兵东征建功等。 |
| ● |
| 相关链接 |
|
|
|
|
正题名:何应钦全传
索取号:K825.2=74/979:2
 
预约/预借
| 序号 | 登录号 | 条形码 | 馆藏地/架位号 | 状态 | 备注 |
| 1 | 1014519 | 210145190 | 第二样本阅览室/ [索取号:K825.2=74/979:2] | 在馆 | |
| 2 | 1014520 | 210145207 | 教育系资料室/ [索取号:K825.2=74/979:2] | 在馆 | |
| 3 | 1014521 | 210145216 | 教育系资料室/ [索取号:K825.2=74/979:2] | 在馆 | |
| 4 | 1014522 | 210145225 | 教育系资料室/ [索取号:K825.2=74/979:2] | 在馆 | |
| 5 | 1014523 | 210145234 | 第二借阅区/ [索取号:K825.2=74/979:2] | 在馆 | |
| 6 | 1014524 | 210145243 | 第二借阅区/ [索取号:K825.2=74/979:2] | 在馆 |